000
00286nam a2200109Ia 4500
001
587469
005
20250717113817.0
008
250717s9999 xx 000 0 und d
245
0
_a
X-7 UZAYI KEŞFEDİYORUM ASTRONOT
_c
ŞEBNEM ÖZDEMİRCİ
260
_b
BETA YAYINLARI
_c
2020
300
_b
20
999
_c
587469
_d
587469